| 000 | 00507nam a2200205Ia 4500 | ||
|---|---|---|---|
| 003 | LK-CoDNM | ||
| 008 | 010623t1916 xxu||||| |||| 00| 1 eng d | ||
| 040 |
_aLK-CoDNM _dLK-CoDNM _eLK-CoDNM |
||
| 041 | _aeng | ||
| 080 | _a66 D.20 | ||
| 100 | _aMitton, G.E. | ||
| 245 | _aThe lost Cities of Ceylon | ||
| 260 |
_bJohn Murray _aLondon _c1916 |
||
| 300 | _b255p.,31pl.,map., iill., 22 cm | ||
| 650 | _aAncient Kingdoms | ||
| 650 | _aAnuradhapura | ||
| 650 | _aKings | ||
| 650 | _aMihintale | ||
| 942 | _cBK | ||
| 999 |
_c88790 _d88790 |
||